| 000 | 01038nam a2200241Ia 4500 | ||
|---|---|---|---|
| 999 |
_c36369 _d36369 |
||
| 001 | 2281 | ||
| 003 | GE_BSU | ||
| 005 | 20190430121821.0 | ||
| 008 | 181216s2006||||ge |||||||||||||| ||geo|| | ||
| 040 | _cGE_BSU | ||
| 041 | _ageo | ||
| 080 | _a61(075.8)+38(075.8) გ–90 | ||
| 100 |
_aგრძელიშვილი, შალვა. _9535 |
||
| 245 |
_aსამედიცინო და ფარმაცევტული საქონელმცოდნეობა : _bსახელმძღვანელო უმაღლ.სასწ.სტუდ. / _cშალვა გრძელიშვილი; რედ. ვაჟა ერიაშვილი. |
||
| 250 | _aპირველი გამოცემა | ||
| 264 |
_aთბილისი, _c2006. |
||
| 300 |
_a397გვ. : _bილ., _c28სმ. |
||
| 653 | _aმედიცინა | ||
| 653 | _aფარმაცია | ||
| 653 | _a | ||
| 700 |
_aერიაშვილი, ვ. _eრედაქტორი _9536 |
||
| 942 |
_cBK _2udc |
||